| 000 | 00789nam a2200265I 4500 | ||
|---|---|---|---|
| 999 |
_c48309 _d48309 |
||
| 001 | 1838435 | ||
| 003 | OCoLC | ||
| 005 | 20191007145357.0 | ||
| 008 | 751117s1924 vp - a000 0 eng | ||
| 010 | _a24004958 | ||
| 035 | _a(OCoLC)1838435 | ||
| 040 |
_aDLC _cJPL _dINT |
||
| 049 | _aINTT | ||
| 100 | 1 |
_aPennell, Mary E. _q(Mary Elizabeth), _d1876- |
|
| 245 | 1 | 0 |
_aHow to teach reading / _cby Mary E. Pennell and Alice M. Cusack ... |
| 260 |
_aBoston: _aNew York [etc.] : _bHoughton Mifflin company, _cc1924. |
||
| 300 |
_aviii, 298 p.; _c20 cm. |
||
| 336 | _atext | ||
| 337 | _aunmediated | ||
| 338 | _avolume | ||
| 504 | _aBibliography: p. [291]-292. | ||
| 650 | 0 | _aReading (Elementary) | |
| 700 | 1 | 0 |
_aCusack, Alice M. _q(Alice Mattie), _d1879- _ejoint author. |
| 942 |
_2lcc _cBK |
||